History Quiz

Random History Quiz

Term in Office by President Quiz Stats

Quiz not verified by Sporcle

Challenge
Share
Tweet
Embed
Score 0/44 Timer 10:00
0 Plays Today
President Term % Correct
Thomas Jefferson1801-1809
87.2%
Jimmy Carter1977-1981
87.2%
Barrack Obama2009-
87.2%
George Washington1789-1797
84.6%
John Adams1797-1801
84.6%
Theodore Roosevelt1901-1909
84.6%
John F. Kennedy1961-1963
84.6%
Ronald Reagan1981-1989
84.6%
Milliard Fillmore1850-1853
82.1%
James Garfield1881-1881
82.1%
Grover Cleveland (1st term)1885-1889
82.1%
Benjamin Harrison1889-1893
82.1%
Franklin Delano Roosevelt1933-1945
82.1%
Harry S. Truman1945-1953
82.1%
Lyndon Baines Johnson1963-1969
82.1%
George W. Bush2001-2009
82.1%
James Madison1809-1817
79.5%
William Henry Harrison1841-1841
79.5%
Franklin Pierce1853-1857
79.5%
Abraham Lincoln1861-1865
79.5%
Chester A. Arthur1881-1885
79.5%
Hervert Hoover1929-1933
79.5%
President Term % Correct
Richard Nixon1969-1974
79.5%
Gerald Ford1974-1977
79.5%
George H. W. Bush1989-1993
79.5%
Zachary Taylor1849-1850
76.9%
Rutherford B. Hayes1877-1881
76.9%
William Howard Taft1909-1913
76.9%
Dwight D. Eisenhower1953-1961
76.9%
John Quincy Adams1825-1829
74.4%
Grover Cleveland (2nd term)1893-1897
74.4%
Calvin Coolidge1923-1929
74.4%
Bill Clinton1993-2001
74.4%
James Monroe1817-1825
71.8%
Woodrow Wilson1913-1921
69.2%
Warren G. Harding1921-1923
69.2%
Andrew Johnson1865-1869
66.7%
William McKinley1897-1901
66.7%
John Tyler1841-1845
64.1%
James Buchanan1857-1861
64.1%
Martin Van Buren1837-1841
61.5%
Ulysses S. Grant1869-1877
61.5%
James K. Polk1845-1849
59%
Andrew Jackson1829-1837
56.4%

You're not logged in!

Compare scores with friends on all Sporcle quizzes.
Sign Up with Email
OR
Log In

You Might Also Like...

Show Comments

Extras

Top Quizzes Today


Score Distribution

Your Account Isn't Verified!

In order to create a playlist on Sporcle, you need to verify the email address you used during registration. Go to your Sporcle Settings to finish the process.

Report this User

Report this user for behavior that violates our Community Guidelines.

Details: